Encyclopedia of railways
Uloženo v:
| Médium: | Kniha |
|---|---|
| Jazyk: | Undetermined |
| Vydáno: |
London
Octopus Books
1977
|
| Témata: | |
| Tagy: |
Přidat tag
Žádné tagy, Buďte první, kdo otaguje tento záznam!
|
| Thư viện lưu trữ: | Trung tâm Học liệu Trường Đại học Cần Thơ |
|---|
| LEADER | 00457nam a2200169Ia 4500 | ||
|---|---|---|---|
| 001 | CTU_104855 | ||
| 008 | 210402s9999 xx 000 0 und d | ||
| 082 | |a 385 | ||
| 082 | |b E56 | ||
| 245 | 0 | |a Encyclopedia of railways | |
| 245 | 0 | |c General editor O. S. Nock ; foreword by John Coiley | |
| 260 | |a London | ||
| 260 | |b Octopus Books | ||
| 260 | |c 1977 | ||
| 650 | |a Railroads | ||
| 904 | |i M.Loan | ||
| 980 | |a Trung tâm Học liệu Trường Đại học Cần Thơ | ||